00873nam a22002417a 450000500170000001000130001702000260003003500130005603700160006904000120008508200160009724500710011326000530018427000500023730000200028750000190030765000430032665000530036970000260042294200250044899900190047395201390049220170124105932.0 aB-121877 c795.00a9788176488020 aB-121877 bCen Lib/Ret aDPLbEN a339.46bPOV aPoverty alleviation in the third world /cedited by Sita Ram Singh aNew DelhibA. P. H. Publishing Corporationc2005 a5, Ansari Road, Darya GanjbNew Delhie110002 a328p.c22cm(Hb) aIncludes index aPoverty -- Developing countries974014 aRural development -- Developing countries974015 aSingh, Sita Ram98535 2ddccENh339.46mPOV c123919d123919 00104070aLbLd2015-06-12eCen Lib/Retg795.00l1o339.46 POVpB-121877r2024-12-18 00:00:00s2024-12-17t1v795.00w2015-06-12yEN